The Oxford illustrated dictionary. : (Record no. 159)
[ view plain ]
| 000 -LEADER | |
|---|---|
| fixed length control field | nam a22 a 4500 |
| 003 - CONTROL NUMBER IDENTIFIER | |
| control field | AKMAL |
| 005 - DATE AND TIME OF LATEST TRANSACTION | |
| control field | 20170421104027.0 |
| 008 - FIXED-LENGTH DATA ELEMENTS--GENERAL INFORMATION | |
| fixed length control field | 17 s1975 enk g 000 0 eng d |
| 020 ## - INTERNATIONAL STANDARD BOOK NUMBER | |
| International Standard Book Number | 0198611188 |
| 040 ## - CATALOGING SOURCE | |
| Original cataloging agency | AKMAL |
| 082 ## - DEWEY DECIMAL CLASSIFICATION NUMBER | |
| Classification number | R 423 OXF |
| 090 ## - LOCALLY ASSIGNED LC-TYPE CALL NUMBER (OCLC); LOCAL CALL NUMBER (RLIN) | |
| Classification number (OCLC) (R) ; Classification number, CALL (RLIN) (NR) | R 423 |
| Local cutter number (OCLC) ; Book number/undivided call number, CALL (RLIN) | OXF |
| 245 04 - TITLE STATEMENT | |
| Title | The Oxford illustrated dictionary. : |
| Remainder of title | Text edited by J. Coulson [and others]. / |
| Statement of responsibility, etc. | Illustrations edited by Helen Mary Petter. ; Revised by Dorothy Eagle with the assistance of Joyce Hawkins. |
| 250 ## - EDITION STATEMENT | |
| Edition statement | 2d ed. |
| 260 ## - PUBLICATION, DISTRIBUTION, ETC. | |
| Place of publication, distribution, etc. | London : |
| Name of publisher, distributor, etc. | Oxford University Press, |
| Date of publication, distribution, etc. | 1975. |
| 300 ## - PHYSICAL DESCRIPTION | |
| Extent | 1018p. |
| Dimensions | 23cm |
| 500 ## - GENERAL NOTE | |
| General note | First published, 1962. |
| 700 1# - ADDED ENTRY--PERSONAL NAME | |
| Personal name | Coulson, Jessie, |
| Dates associated with a name | 1903- |
| 9 (RLIN) | 390 |
| 700 1# - ADDED ENTRY--PERSONAL NAME | |
| Personal name | Eagle, Dorothy |
| 9 (RLIN) | 391 |
| 700 1# - ADDED ENTRY--PERSONAL NAME | |
| Personal name | Hawkins, Joyce M. |
| 9 (RLIN) | 344 |
| 942 ## - ADDED ENTRY ELEMENTS (KOHA) | |
| Source of classification or shelving scheme | |
| Koha item type | Book |
| Withdrawn status | Lost status | Source of classification or shelving scheme | Damaged status | Not for loan | Collection code | Home library | Current library | Shelving location | Date acquired | Inventory number | Total Checkouts | Full call number | Barcode | Date last seen | Price effective from | Koha item type |
|---|---|---|---|---|---|---|---|---|---|---|---|---|---|---|---|---|
| NON-FICTION | AKMAL Melaka | AKMAL Melaka | PINJAMAN | 21.04.2017 | 400095 | R 423 OXF | 201700285 | 21.04.2017 | 21.04.2017 | Book |
